Tout les membres de Solary Fortnite - Statistiques

Statistiques générales
  • Ce quiz a été pris 719 fois
    30 depuis la dernière actualisation
  • Le résultat moyen est 13 sur 39
Statistiques - réponses
Dernier rôle Date d'arrivée Nom % Correct
Joueur 28 février 2018 Kinstaar
88%
Streameur 28 février 2018 Hunter
71%
Joueur 5 avril 2018 Airwaks
63%
Joueur 20 octobre 2024 Kurama
63%
Joueur 3 février 2019 Nikof
63%
Streameur 17 septembre 2022 Revenja
63%
Joueur 18 septembre 2020 Floki
58%
Joueur 21 décembre 2024 Skyjump
50%
Streameur 28 février 2018 Yoshi
50%
Joueur 14 août 2021 Clément
42%
Joueur 28 février 2020 Magl
42%
Streameur 1er avril 2018 Jbzz
38%
Joueur 22 janvier 2025 Momsy
38%
Joueur 8 juillet 2022 Artskill
33%
Joueur 26 mars 2025 Rax
33%
Joueur 28 février 2020 DRG
29%
Joueur 17 avril 2020 Emxxrr
29%
Coach 4 mars 2023 Grimz
29%
Joueur 28 février 2018 MZQQQ
29%
Joueur 8 avril 2018 Xewer
29%
Joueur 06 février 2021 BlastR
25%
Joueur 9 avril 2018 ADZ
25%
Joueur 2 février 2023 DKS
25%
Joueur Académie 17 juin 2025 Karmaa
25%
Joueur 9 avril 2025 Kombek
25%
Joueur Académie 17 juin 2025 Triix
25%
Streameur 14 octobre 2018 Twiks
25%
Joueur 8 avril 2018 Mushway
21%
Joueur 2 février 2023 Tchypss
21%
Joueur 19 janvier 2022 Egrm
17%
Coach 4 mars 2023 Aarnax
13%
Joueur 19 janvier 2022 Naekoz
13%
Coach juin 2020 Papass
13%
Coach juillet 2018 Samchaka
13%
Joueur 13 janvier 2024 Skydeun
13%
Manager 28 février 2018 Taipouz
13%
Joueur 13 janvier 2024 Voxe
13%
Streameur 9 octobre 2020 Cataleya
8%
Joueur 7 avril 2018 Hoppy
4%
Aucun quiz correspondant
Distribution des résultats
% des personnes avec chaque résultat
Percentile par nombre de réponses
Votre historique - résultats
Vous n’avez pas pris ce quiz depuis la dernière actualisation